| 000 | 00611nam a2200193 a 4500 | ||
|---|---|---|---|
| 001 | 5913 | ||
| 003 | CDMR | ||
| 005 | 20130503123023.0 | ||
| 008 | 130220s2002||||||||||||||||||||||||||||d | ||
| 020 | _a847935884X | ||
| 040 |
_aCDMR _bcat _cCDMR |
||
| 100 | 1 |
_aRomaguera i Ramió, Joaquim _92480 |
|
| 245 | 1 | 0 |
_aMagí Murià, periodista i cineasta _b: memòries d'un exiliat : 1939-1948 _cJoaquim Romaguera i Ramió ; pròleg de Josep Maria Murià i Rouret |
| 260 |
_aLleida _bPagès _c2002 |
||
| 300 |
_a338 p ; _c20 cm |
||
| 490 | 0 |
_aGuimet _v55 |
|
| 650 | 0 | 4 |
_aPeriodistes catalans _vBiografia _93139 |
| 942 |
_cMON _2udc |
||
| 999 |
_c5913 _d5913 |
||